| 000 | 00597cam a2200217ua 4500 | ||
|---|---|---|---|
| 020 |
_a81 204 0507 2 _c108.00 |
||
| 041 |
_aeng _h |
||
| 082 |
_a631.587 _bSHA/TE |
||
| 100 | _aSharma, R K . | ||
| 245 |
_aText book of irrigation engineering :irrigation and drainage vol-1 / _cR K Sharma. _hTextual Documents |
||
| 250 |
_a1 / _b. |
||
| 260 |
_aNew Delhi : _bOxford & IBH Publishing company , _c1993. |
||
| 300 | _a333 ; . | ||
| 365 | _a108.00 | ||
| 504 | _a | ||
| 700 | 1 | _aSharma, T K . | |
| 942 | _cBK | ||
| 999 |
_c7411 _d7411 |
||